[Event "45th FIDE Chess Olympiad Open"]
[Site "Budapest, Hungary"]
[Date "2024.09.21"]
[Round "10"]
[White "Erigaisi Arjun"]
[Black "Dominguez Perez, Leinier"]
[Result "1-0"]
[Board "3"]
[WhiteFideId "35009192"]
[BlackFideId "3503240"]
[WhiteTitle "GM"]
[BlackTitle "GM"]
[WhiteElo "2778"]
[BlackElo "2748"]
[WhiteTeam "India"]
[BlackTeam "United States of America"]
[WhiteClock "0:09:36"]
[BlackClock "0:01:47"]
[Variant "Standard"]

1. d4 {[%clk 1:30:52]}  d5 {[%clk 1:30:53]} 2. c4 {[%clk 1:31:17]}  c6 {[%clk 1:31:18]} 3. Nf3 {[%clk 1:31:41]}  Nf6 {[%clk 1:31:41]} 4. Nc3 {[%clk 1:32:06]}  a6 {[%clk 1:31:54]} 5. c5 {[%clk 1:32:30]}  b6 {[%clk 1:32:01]} 6. cxb6 {[%clk 1:32:12]}  Nbd7 {[%clk 1:32:25]} 7. a3 {[%clk 1:30:24]}  Qxb6 {[%clk 1:32:01]} 8. Na4 {[%clk 1:30:38]}  Qc7 {[%clk 1:32:12]} 9. g3 {[%clk 1:31:00]}  e6 {[%clk 1:32:38]} 10. Bf4 {[%clk 1:31:18]}  Bd6 {[%clk 1:33:01]} 11. e3 {[%clk 1:27:37]}  a5 {[%clk 1:24:51]} 12. Rc1 {[%clk 1:26:14]}  O-O {[%clk 1:20:01]} 13. Qc2 {[%clk 1:18:01]}  Bb7 {[%clk 1:20:19]} 14. Bd3 {[%clk 1:13:22]}  h6 {[%clk 1:16:22]} 15. O-O {[%clk 1:10:48]}  Rfe8 {[%clk 1:10:31]} 16. Rfd1 {[%clk 1:07:47]}  e5 {[%clk 0:59:27]} 17. dxe5 {[%clk 1:07:56]}  Nxe5 {[%clk 0:59:55]} 18. Nd4 {[%clk 1:00:47]}  Nxd3 {[%clk 0:54:01]} 19. Bxd6 {[%clk 0:56:37]}  Qxd6 {[%clk 0:54:21]} 20. Rxd3 {[%clk 0:57:03]}  Ba6 {[%clk 0:41:38]} 21. Rb3 {[%clk 0:43:36]}  Nd7 {[%clk 0:21:39]} 22. Nb6 {[%clk 0:31:22]}  c5 {[%clk 0:20:18]} 23. Nxa8 {[%clk 0:26:41]}  Rxa8 {[%clk 0:17:33]} 24. Nb5 {[%clk 0:25:19]}  Qc6 {[%clk 0:16:53]} 25. a4 {[%clk 0:25:38]}  g6 {[%clk 0:12:59]} 26. Rc3 {[%clk 0:23:41]}  Bxb5 {[%clk 0:08:53]} 27. axb5 {[%clk 0:23:59]}  Qxb5 {[%clk 0:09:21]} 28. Rd1 {[%clk 0:20:48]}  Qc6 {[%clk 0:08:17]} 29. Rcd3 {[%clk 0:20:55]}  Nf6 {[%clk 0:07:07]} 30. e4 {[%clk 0:20:45]}  Nxe4 {[%clk 0:03:51]} 31. Rxd5 {[%clk 0:21:03]}  Re8 {[%clk 0:03:50]} 32. Rd8 {[%clk 0:18:38]}  Ng5 {[%clk 0:04:19]} 33. Rxe8+ {[%clk 0:18:44]}  Qxe8 {[%clk 0:04:48]} 34. Qd3 {[%clk 0:10:24]}  Ne6 {[%clk 0:05:05]} 35. Qe3 {[%clk 0:10:39]}  h5 {[%clk 0:04:19]} 36. Rd6 {[%clk 0:08:23]}  Qb5 {[%clk 0:01:20]} 37. Qe5 {[%clk 0:08:19]}  h4 {[%clk 0:01:26]} 38. gxh4 {[%clk 0:06:46]}  Qc4 {[%clk 0:01:19]} 39. h5 {[%clk 0:06:29]}  Qg4+ {[%clk 0:01:15]} 40. Kf1 {[%clk 0:06:54]}  g5 {[%clk 0:00:45]} 41. h6 {[%clk 0:01:37]}  Kh7 {[%clk 0:23:19]} 42. Rd7 {[%clk 0:19:12]}  Qc4+ {[%clk 0:16:32]} 43. Ke1 {[%clk 0:19:14]}  Qb4+ {[%clk 0:16:00]} 44. Rd2 {[%clk 0:18:44]}  Qg4 {[%clk 0:15:57]} 45. Re2 {[%clk 0:18:32]}  Qg1+ {[%clk 0:04:05]} 46. Kd2 {[%clk 0:18:57]}  Kg6 {[%clk 0:04:22]} 47. h4 {[%clk 0:13:08]}  gxh4 {[%clk 0:02:50]} 48. Qe4+ {[%clk 0:13:32]}  Kxh6 {[%clk 0:02:57]} 49. Qxh4+ {[%clk 0:13:56]}  Kg6 {[%clk 0:03:19]} 50. Qg3+ {[%clk 0:12:22]}  Qxg3 {[%clk 0:03:48]} 51. fxg3 {[%clk 0:12:51]}  Kg5 {[%clk 0:03:05]} 52. Re3 {[%clk 0:10:49]}  Kg4 {[%clk 0:02:50]} 53. Ke2 {[%clk 0:09:57]}  Ng5 {[%clk 0:00:48]} 54. Re5 {[%clk 0:10:13]}  f5 {[%clk 0:00:35]} 55. Rxc5 {[%clk 0:08:16]}  a4 {[%clk 0:01:04]} 56. Ra5 {[%clk 0:07:56]}  Nh3 {[%clk 0:00:34]} 57. Rxa4+ {[%clk 0:08:20]}  Kxg3 {[%clk 0:00:59]} 58. Ra3+ {[%clk 0:08:46]}  Kg2 {[%clk 0:01:20]} 59. Rxh3 {[%clk 0:09:11]}  Kxh3 {[%clk 0:01:47]} 60. Kf3 {[%clk 0:09:36]} 1-0

[Event "45th FIDE Chess Olympiad Open"]
[Site "Budapest, Hungary"]
[Date "2024.09.21"]
[Round "10"]
[White "Aronian, Levon"]
[Black "Vidit, Santosh Gujrathi"]
[Result "1/2-1/2"]
[Board "4"]
[WhiteFideId "13300474"]
[BlackFideId "5029465"]
[WhiteTitle "GM"]
[BlackTitle "GM"]
[WhiteElo "2729"]
[BlackElo "2720"]
[WhiteTeam "United States of America"]
[BlackTeam "India"]
[WhiteClock "0:27:03"]
[BlackClock "0:04:33"]
[Variant "Standard"]

1. e4 {[%clk 1:30:56]}  e5 {[%clk 1:29:49]} 2. Nf3 {[%clk 1:31:21]}  Nc6 {[%clk 1:30:04]} 3. Bc4 {[%clk 1:31:46]}  Bc5 {[%clk 1:30:17]} 4. O-O {[%clk 1:32:02]}  Nf6 {[%clk 1:30:32]} 5. d3 {[%clk 1:32:28]}  d6 {[%clk 1:30:19]} 6. c3 {[%clk 1:32:37]}  O-O {[%clk 1:27:18]} 7. h3 {[%clk 1:31:17]}  Bb6 {[%clk 1:20:16]} 8. a4 {[%clk 1:26:29]}  a5 {[%clk 1:20:27]} 9. Re1 {[%clk 1:26:53]}  h6 {[%clk 1:18:09]} 10. Bb3 {[%clk 1:20:07]}  Re8 {[%clk 0:56:41]} 11. Nbd2 {[%clk 1:14:49]}  Be6 {[%clk 0:56:41]} 12. Nc4 {[%clk 1:09:36]}  Ba7 {[%clk 0:55:56]} 13. Be3 {[%clk 1:09:05]}  Bxe3 {[%clk 0:54:03]} 14. Nxe3 {[%clk 1:06:15]}  d5 {[%clk 0:47:14]} 15. exd5 {[%clk 0:57:50]}  Nxd5 {[%clk 0:47:29]} 16. Nxd5 {[%clk 0:57:55]}  Bxd5 {[%clk 0:44:59]} 17. Re3 {[%clk 0:58:11]}  Re6 {[%clk 0:40:10]} 18. Nd2 {[%clk 0:54:44]}  Rg6 {[%clk 0:38:17]} 19. Bxd5 {[%clk 0:53:49]}  Qxd5 {[%clk 0:38:40]} 20. Qf3 {[%clk 0:53:39]}  Rd8 {[%clk 0:34:45]} 21. Nc4 {[%clk 0:47:13]}  f5 {[%clk 0:27:15]} 22. Qxd5+ {[%clk 0:46:26]}  Rxd5 {[%clk 0:27:41]} 23. Rd1 {[%clk 0:46:11]}  Rf6 {[%clk 0:25:33]} 24. Kf1 {[%clk 0:45:20]}  Rf8 {[%clk 0:23:12]} 25. Ke2 {[%clk 0:42:51]}  g5 {[%clk 0:21:12]} 26. Kd2 {[%clk 0:33:12]}  e4 {[%clk 0:14:47]} 27. Kc2 {[%clk 0:28:52]}  exd3+ {[%clk 0:15:01]} 28. Rdxd3 {[%clk 0:27:31]}  Rxd3 {[%clk 0:14:48]} 29. Rxd3 {[%clk 0:27:52]}  b6 {[%clk 0:08:11]} 30. f4 {[%clk 0:23:39]}  gxf4 {[%clk 0:07:27]} 31. Rf3 {[%clk 0:22:46]}  Re8 {[%clk 0:07:29]} 32. Rxf4 {[%clk 0:21:31]}  Re2+ {[%clk 0:07:46]} 33. Kb3 {[%clk 0:18:54]}  Ne7 {[%clk 0:05:42]} 34. g4 {[%clk 0:15:11]}  fxg4 {[%clk 0:01:58]} 35. Rxg4+ {[%clk 0:14:38]}  Kf7 {[%clk 0:02:17]} 36. Na3 {[%clk 0:15:06]}  Nf5 {[%clk 0:00:47]} 37. Rc4 {[%clk 0:14:14]}  c5 {[%clk 0:00:42]} 38. Rf4 {[%clk 0:14:20]}  Kf6 {[%clk 0:00:47]} 39. Nc4 {[%clk 0:12:53]}  Re6 {[%clk 0:01:15]} 40. Kc2 {[%clk 0:13:00]}  h5 {[%clk 0:00:58]} 41. Kd3 {[%clk 0:10:16]}  Kg5 {[%clk 0:27:38]} 42. Re4 {[%clk 0:39:47]}  Rf6 {[%clk 0:26:03]} 43. Nd2 {[%clk 0:34:19]}  Ng3 {[%clk 0:19:24]} 44. Rc4 {[%clk 0:33:42]}  Rd6+ {[%clk 0:14:13]} 45. Kc2 {[%clk 0:34:06]}  Re6 {[%clk 0:11:43]} 46. b4 {[%clk 0:33:40]}  cxb4 {[%clk 0:09:40]} 47. cxb4 {[%clk 0:33:50]}  Nf5 {[%clk 0:09:56]} 48. Ne4+ {[%clk 0:33:49]}  Kg6 {[%clk 0:10:13]} 49. Kd3 {[%clk 0:34:00]}  axb4 {[%clk 0:10:02]} 50. Rxb4 {[%clk 0:34:27]}  h4 {[%clk 0:08:34]} 51. Rb5 {[%clk 0:34:25]}  Ne7 {[%clk 0:08:05]} 52. Nd2 {[%clk 0:32:40]}  Rd6+ {[%clk 0:08:00]} 53. Kc2 {[%clk 0:32:49]}  Nf5 {[%clk 0:07:30]} 54. Nf3 {[%clk 0:32:52]}  Kf6 {[%clk 0:06:47]} 55. Rb4 {[%clk 0:32:30]}  Ne3+ {[%clk 0:06:12]} 56. Kb2 {[%clk 0:31:51]}  Nd1+ {[%clk 0:04:45]} 57. Kc1 {[%clk 0:31:51]}  Nf2 {[%clk 0:04:26]} 58. Rxh4 {[%clk 0:32:09]}  Kf5 {[%clk 0:04:35]} 59. Nd2 {[%clk 0:28:05]}  Nd3+ {[%clk 0:04:50]} 60. Kb1 {[%clk 0:28:19]}  Nf4 {[%clk 0:03:44]} 61. Kc2 {[%clk 0:27:33]}  Rd4 {[%clk 0:03:48]} 62. Rh6 {[%clk 0:26:36]}  Rxa4 {[%clk 0:04:11]} 63. Rxb6 {[%clk 0:27:03]}  Nxh3 {[%clk 0:04:33]} 1/2-1/2

[Event "45th FIDE Chess Olympiad Open"]
[Site "Budapest, Hungary"]
[Date "2024.09.21"]
[Round "10"]
[White "Rapport, Richard"]
[Black "Predke, Alexandr"]
[Result "1/2-1/2"]
[Board "5"]
[WhiteFideId "738590"]
[BlackFideId "24107581"]
[WhiteTitle "GM"]
[BlackTitle "GM"]
[WhiteElo "2715"]
[BlackElo "2671"]
[WhiteTeam "Hungary"]
[BlackTeam "Serbia"]
[WhiteClock "0:29:25"]
[BlackClock "0:06:53"]
[Variant "Standard"]

1. e4 {[%clk 1:30:56]}  e5 {[%clk 1:29:46]} 2. Nf3 {[%clk 1:30:52]}  Nc6 {[%clk 1:30:09]} 3. Bb5 {[%clk 1:30:55]}  a6 {[%clk 1:30:32]} 4. Ba4 {[%clk 1:30:59]}  Nf6 {[%clk 1:30:56]} 5. d3 {[%clk 1:31:12]}  b5 {[%clk 1:28:44]} 6. Bb3 {[%clk 1:31:34]}  Bc5 {[%clk 1:29:10]} 7. c3 {[%clk 1:31:48]}  d6 {[%clk 1:28:10]} 8. Nbd2 {[%clk 1:31:30]}  O-O {[%clk 1:22:23]} 9. Nf1 {[%clk 1:30:09]}  Be6 {[%clk 1:06:39]} 10. Ng3 {[%clk 1:29:54]}  h6 {[%clk 1:05:48]} 11. O-O {[%clk 1:29:33]}  Bb6 {[%clk 0:51:16]} 12. Be3 {[%clk 1:23:43]}  Bxb3 {[%clk 0:48:16]} 13. axb3 {[%clk 1:22:50]}  d5 {[%clk 0:44:09]} 14. Bxb6 {[%clk 1:14:15]}  cxb6 {[%clk 0:44:21]} 15. d4 {[%clk 1:13:55]}  dxe4 {[%clk 0:26:06]} 16. Nxe5 {[%clk 1:13:29]}  Nxe5 {[%clk 0:26:32]} 17. dxe5 {[%clk 1:13:53]}  Nd7 {[%clk 0:27:00]} 18. e6 {[%clk 1:02:32]}  Nf6 {[%clk 0:26:52]} 19. exf7+ {[%clk 1:02:08]}  Kxf7 {[%clk 0:27:16]} 20. Qb1 {[%clk 0:52:13]}  Qd5 {[%clk 0:23:35]} 21. b4 {[%clk 0:52:06]}  a5 {[%clk 0:20:59]} 22. bxa5 {[%clk 0:47:25]}  bxa5 {[%clk 0:20:50]} 23. Re1 {[%clk 0:38:36]}  Rfe8 {[%clk 0:19:46]} 24. Qc2 {[%clk 0:38:50]}  Re5 {[%clk 0:17:54]} 25. Nf1 {[%clk 0:32:51]}  Qe6 {[%clk 0:17:09]} 26. Ne3 {[%clk 0:32:47]}  Nd5 {[%clk 0:16:18]} 27. Nxd5 {[%clk 0:29:44]}  Qxd5 {[%clk 0:16:45]} 28. Rad1 {[%clk 0:29:59]}  Qe6 {[%clk 0:16:53]} 29. Re3 {[%clk 0:30:04]}  Re8 {[%clk 0:17:01]} 30. Rde1 {[%clk 0:29:06]}  Qd5 {[%clk 0:16:58]} 31. Qe2 {[%clk 0:28:44]}  R5e6 {[%clk 0:15:41]} 32. Rd1 {[%clk 0:28:29]}  Qf5 {[%clk 0:14:55]} 33. Ra1 {[%clk 0:26:42]}  a4 {[%clk 0:13:42]} 34. c4 {[%clk 0:23:37]}  Rb8 {[%clk 0:13:47]} 35. b4 {[%clk 0:23:02]}  axb3 {[%clk 0:07:52]} 36. Rxb3 {[%clk 0:20:28]}  b4 {[%clk 0:08:08]} 37. Qd2 {[%clk 0:15:37]}  Qc5 {[%clk 0:05:07]} 38. Rab1 {[%clk 0:13:33]}  Rd6 {[%clk 0:02:40]} 39. Qf4+ {[%clk 0:12:33]}  Rf6 {[%clk 0:01:25]} 40. Qe3 {[%clk 0:12:58]}  Qxe3 {[%clk 0:01:21]} 41. fxe3 {[%clk 0:13:20]}  Rfb6 {[%clk 0:00:35]} 42. c5 {[%clk 0:13:00]}  Rb5 {[%clk 0:27:04]} 43. c6 {[%clk 0:42:40]}  Kf6 {[%clk 0:26:17]} 44. c7 {[%clk 0:38:45]}  Rc8 {[%clk 0:26:44]} 45. Rxb4 {[%clk 0:39:11]}  Rxb4 {[%clk 0:27:09]} 46. Rxb4 {[%clk 0:39:38]}  Rxc7 {[%clk 0:27:24]} 47. Rxe4 {[%clk 0:40:04]}  g5 {[%clk 0:26:57]} 48. Kf2 {[%clk 0:39:12]}  h5 {[%clk 0:26:36]} 49. h3 {[%clk 0:38:24]}  Rc2+ {[%clk 0:24:50]} 50. Kf3 {[%clk 0:38:00]}  Rc6 {[%clk 0:14:12]} 51. Ra4 {[%clk 0:37:22]}  Rb6 {[%clk 0:14:15]} 52. Ra5 {[%clk 0:36:07]}  Kg6 {[%clk 0:14:29]} 53. Ke4 {[%clk 0:35:22]}  Rb2 {[%clk 0:09:48]} 54. Ra6+ {[%clk 0:35:15]}  Kf7 {[%clk 0:10:15]} 55. Kf3 {[%clk 0:33:18]}  g4+ {[%clk 0:09:52]} 56. Kg3 {[%clk 0:33:29]}  gxh3 {[%clk 0:09:20]} 57. gxh3 {[%clk 0:32:54]}  Rb4 {[%clk 0:08:35]} 58. Ra1 {[%clk 0:33:19]}  Re4 {[%clk 0:07:37]} 59. Rf1+ {[%clk 0:33:39]}  Kg6 {[%clk 0:07:07]} 60. Rf3 {[%clk 0:32:54]}  Kg5 {[%clk 0:07:28]} 61. Kf2 {[%clk 0:33:09]}  Rh4 {[%clk 0:06:32]} 62. Ke2 {[%clk 0:33:28]}  Ra4 {[%clk 0:06:51]} 63. Rf1 {[%clk 0:30:16]}  Rh4 {[%clk 0:06:06]} 64. Rh1 {[%clk 0:30:06]}  Kf5 {[%clk 0:06:08]} 65. Kf2 {[%clk 0:29:35]}  Ke5 {[%clk 0:06:09]} 66. Kf3 {[%clk 0:30:01]}  Ke6 {[%clk 0:05:41]} 67. Kg2 {[%clk 0:29:36]}  Re4 {[%clk 0:06:06]} 68. Re1 {[%clk 0:30:00]}  Ke5 {[%clk 0:06:29]} 69. Re2 {[%clk 0:29:25]}  Rd4 {[%clk 0:06:53]} 1/2-1/2

[Event "45th FIDE Chess Olympiad Open"]
[Site "Budapest, Hungary"]
[Date "2024.09.21"]
[Round "10"]
[White "Sarana, Alexey"]
[Black "Leko, Peter"]
[Result "1/2-1/2"]
[Board "6"]
[WhiteFideId "24133795"]
[BlackFideId "703303"]
[WhiteTitle "GM"]
[BlackTitle "GM"]
[WhiteElo "2713"]
[BlackElo "2666"]
[WhiteTeam "Serbia"]
[BlackTeam "Hungary"]
[WhiteClock "0:11:04"]
[BlackClock "0:01:05"]
[Variant "Standard"]

1. d4 {[%clk 1:30:57]}  Nf6 {[%clk 1:30:53]} 2. c4 {[%clk 1:31:23]}  e6 {[%clk 1:31:17]} 3. Nc3 {[%clk 1:31:48]}  Bb4 {[%clk 1:31:38]} 4. e3 {[%clk 1:32:05]}  O-O {[%clk 1:31:55]} 5. Bd3 {[%clk 1:32:27]}  d5 {[%clk 1:32:12]} 6. a3 {[%clk 1:32:50]}  Bxc3+ {[%clk 1:32:33]} 7. bxc3 {[%clk 1:33:16]}  dxc4 {[%clk 1:32:54]} 8. Bxc4 {[%clk 1:33:42]}  c5 {[%clk 1:33:09]} 9. Nf3 {[%clk 1:34:08]}  Qc7 {[%clk 1:33:25]} 10. Be2 {[%clk 1:34:24]}  Nc6 {[%clk 1:32:08]} 11. Bb2 {[%clk 1:33:11]}  Rd8 {[%clk 1:30:07]} 12. O-O {[%clk 1:31:59]}  e5 {[%clk 1:30:11]} 13. h3 {[%clk 1:29:39]}  Bf5 {[%clk 1:29:57]} 14. Rc1 {[%clk 1:29:10]}  e4 {[%clk 1:13:36]} 15. Nd2 {[%clk 1:29:09]}  Qe7 {[%clk 1:13:26]} 16. Re1 {[%clk 1:19:37]}  Rd6 {[%clk 1:07:08]} 17. Nf1 {[%clk 1:17:06]}  Rad8 {[%clk 1:02:08]} 18. Qa4 {[%clk 0:59:01]}  a6 {[%clk 0:34:40]} 19. Qc2 {[%clk 0:44:40]}  h5 {[%clk 0:24:32]} 20. dxc5 {[%clk 0:41:53]}  R6d7 {[%clk 0:21:34]} 21. c4 {[%clk 0:38:33]}  h4 {[%clk 0:20:18]} 22. Red1 {[%clk 0:37:10]}  Qxc5 {[%clk 0:15:24]} 23. Rxd7 {[%clk 0:31:46]}  Rxd7 {[%clk 0:14:39]} 24. Nd2 {[%clk 0:27:54]}  Ne5 {[%clk 0:13:11]} 25. Bd4 {[%clk 0:26:29]}  Qe7 {[%clk 0:13:33]} 26. Qb2 {[%clk 0:26:50]}  Nc6 {[%clk 0:12:29]} 27. Nb3 {[%clk 0:25:28]}  Nxd4 {[%clk 0:08:59]} 28. Nxd4 {[%clk 0:25:33]}  Qc5 {[%clk 0:09:05]} 29. Nb3 {[%clk 0:23:42]}  Qe7 {[%clk 0:07:33]} 30. c5 {[%clk 0:24:06]}  Rc7 {[%clk 0:07:19]} 31. Nd4 {[%clk 0:15:12]}  Qe5 {[%clk 0:07:13]} 32. Bc4 {[%clk 0:05:11]}  Bc8 {[%clk 0:03:38]} 33. Qb4 {[%clk 0:03:02]}  g6 {[%clk 0:02:24]} 34. Nb3 {[%clk 0:01:28]}  Kg7 {[%clk 0:02:18]} 35. Rd1 {[%clk 0:01:49]}  Bd7 {[%clk 0:01:52]} 36. Rd6 {[%clk 0:01:27]}  Be8 {[%clk 0:01:22]} 37. Qb6 {[%clk 0:01:21]}  Re7 {[%clk 0:01:28]} 38. Nd4 {[%clk 0:01:08]}  Nd7 {[%clk 0:01:16]} 39. Qb2 {[%clk 0:00:46]}  Kh7 {[%clk 0:01:21]} 40. Rd5 {[%clk 0:00:48]}  Qc7 {[%clk 0:01:15]} 41. Nb3 {[%clk 0:25:19]}  Ne5 {[%clk 0:19:29]} 42. Qd4 {[%clk 0:24:26]}  Nxc4 {[%clk 0:10:45]} 43. Qxc4 {[%clk 0:24:50]}  f6 {[%clk 0:11:02]} 44. Rd6 {[%clk 0:16:20]}  Bf7 {[%clk 0:11:22]} 45. Qc3 {[%clk 0:16:45]}  Bxb3 {[%clk 0:11:06]} 46. Qxb3 {[%clk 0:17:06]}  Qxc5 {[%clk 0:09:27]} 47. Rxf6 {[%clk 0:17:33]}  Qc1+ {[%clk 0:05:50]} 48. Kh2 {[%clk 0:18:01]}  Qc7+ {[%clk 0:06:11]} 49. g3 {[%clk 0:18:28]}  hxg3+ {[%clk 0:04:58]} 50. fxg3 {[%clk 0:18:47]}  Qd8 {[%clk 0:04:35]} 51. Rf2 {[%clk 0:18:04]}  Qd3 {[%clk 0:03:32]} 52. Qb6 {[%clk 0:14:07]}  Qxa3 {[%clk 0:03:37]} 53. Qd8 {[%clk 0:14:33]}  Qc5 {[%clk 0:03:12]} 54. h4 {[%clk 0:14:04]}  Qe5 {[%clk 0:01:59]} 55. Kg2 {[%clk 0:14:31]}  a5 {[%clk 0:01:34]} 56. Ra2 {[%clk 0:11:57]}  Rf7 {[%clk 0:00:59]} 57. Qxa5 {[%clk 0:11:30]}  Qxa5 {[%clk 0:01:15]} 58. Rxa5 {[%clk 0:11:58]}  Rf3 {[%clk 0:01:35]} 59. Ra3 {[%clk 0:11:51]}  g5 {[%clk 0:01:05]} 60. Kh3 {[%clk 0:11:04]} 1/2-1/2

[Event "45th FIDE Chess Olympiad Open"]
[Site "Budapest, Hungary"]
[Date "2024.09.21"]
[Round "10"]
[White "Sjugirov, Sanan"]
[Black "Indjic, Aleksandar"]
[Result "1/2-1/2"]
[Board "7"]
[WhiteFideId "4189302"]
[BlackFideId "911925"]
[WhiteTitle "GM"]
[BlackTitle "GM"]
[WhiteElo "2644"]
[BlackElo "2611"]
[WhiteTeam "Hungary"]
[BlackTeam "Serbia"]
[WhiteClock "0:01:05"]
[BlackClock "0:18:29"]
[Variant "Standard"]

1. e4 {[%clk 1:30:55]}  e5 {[%clk 1:29:45]} 2. Nf3 {[%clk 1:31:15]}  Nc6 {[%clk 1:29:58]} 3. Bb5 {[%clk 1:31:35]}  Bc5 {[%clk 1:29:05]} 4. c3 {[%clk 1:31:57]}  Nf6 {[%clk 1:28:32]} 5. d4 {[%clk 1:32:18]}  exd4 {[%clk 1:28:28]} 6. e5 {[%clk 1:32:39]}  Nd5 {[%clk 1:28:14]} 7. O-O {[%clk 1:30:19]}  Be7 {[%clk 1:27:08]} 8. cxd4 {[%clk 1:24:07]}  d6 {[%clk 1:26:26]} 9. exd6 {[%clk 1:20:31]}  cxd6 {[%clk 1:20:53]} 10. Qb3 {[%clk 1:20:55]}  Nc7 {[%clk 1:20:36]} 11. d5 {[%clk 1:14:52]}  Nxb5 {[%clk 1:20:31]} 12. Qxb5 {[%clk 1:15:14]}  a6 {[%clk 1:20:58]} 13. Qe2 {[%clk 1:08:41]}  Ne5 {[%clk 1:21:19]} 14. Nxe5 {[%clk 1:08:38]}  dxe5 {[%clk 1:21:43]} 15. Qxe5 {[%clk 1:08:38]}  O-O {[%clk 1:22:08]} 16. Nc3 {[%clk 1:01:53]}  Bd6 {[%clk 1:21:16]} 17. Qd4 {[%clk 0:54:55]}  Qc7 {[%clk 1:21:14]} 18. g3 {[%clk 0:54:21]}  Bf5 {[%clk 1:10:19]} 19. Re1 {[%clk 0:46:48]}  Rfd8 {[%clk 0:58:44]} 20. Bg5 {[%clk 0:42:32]}  f6 {[%clk 0:58:47]} 21. Bf4 {[%clk 0:38:22]}  Bxf4 {[%clk 0:58:56]} 22. Qxf4 {[%clk 0:31:05]}  Qxf4 {[%clk 0:59:02]} 23. gxf4 {[%clk 0:31:31]}  b5 {[%clk 0:51:40]} 24. Rad1 {[%clk 0:25:47]}  b4 {[%clk 0:45:21]} 25. Ne4 {[%clk 0:25:42]}  Rac8 {[%clk 0:45:35]} 26. Rd2 {[%clk 0:25:23]}  Bg6 {[%clk 0:33:48]} 27. f3 {[%clk 0:24:06]}  Bf7 {[%clk 0:30:44]} 28. Red1 {[%clk 0:18:04]}  f5 {[%clk 0:29:58]} 29. Ng3 {[%clk 0:13:24]}  g6 {[%clk 0:30:08]} 30. Nf1 {[%clk 0:13:48]}  Rc4 {[%clk 0:30:14]} 31. Ne3 {[%clk 0:04:02]}  Rxf4 {[%clk 0:30:36]} 32. Kf2 {[%clk 0:03:56]}  b3 {[%clk 0:19:09]} 33. axb3 {[%clk 0:03:04]}  Rh4 {[%clk 0:18:13]} 34. Kg2 {[%clk 0:01:32]}  Rb4 {[%clk 0:18:29]} 35. Rd3 {[%clk 0:01:05]} 1/2-1/2

[Event "45th FIDE Chess Olympiad Open"]
[Site "Budapest, Hungary"]
[Date "2024.09.21"]
[Round "10"]
[White "Ivic, Velimir"]
[Black "Berkes, Ferenc"]
[Result "1/2-1/2"]
[Board "8"]
[WhiteFideId "950122"]
[BlackFideId "718572"]
[WhiteTitle "GM"]
[BlackTitle "GM"]
[WhiteElo "2599"]
[BlackElo "2605"]
[WhiteTeam "Serbia"]
[BlackTeam "Hungary"]
[WhiteClock "0:05:44"]
[BlackClock "0:30:56"]
[Variant "Standard"]

1. e4 {[%clk 1:30:48]}  e6 {[%clk 1:30:52]} 2. d4 {[%clk 1:31:07]}  d5 {[%clk 1:31:17]} 3. e5 {[%clk 1:31:24]}  c5 {[%clk 1:31:40]} 4. c3 {[%clk 1:31:49]}  Nc6 {[%clk 1:32:04]} 5. Nf3 {[%clk 1:32:03]}  Bd7 {[%clk 1:32:24]} 6. Be2 {[%clk 1:31:28]}  Nge7 {[%clk 1:32:41]} 7. O-O {[%clk 1:31:41]}  cxd4 {[%clk 1:32:45]} 8. cxd4 {[%clk 1:31:46]}  Nf5 {[%clk 1:33:06]} 9. Nc3 {[%clk 1:27:39]}  a6 {[%clk 1:33:07]} 10. Kh1 {[%clk 1:26:26]}  Rc8 {[%clk 1:33:03]} 11. h3 {[%clk 1:17:46]}  Qb6 {[%clk 1:27:14]} 12. Na4 {[%clk 1:16:17]}  Qa7 {[%clk 1:27:14]} 13. Be3 {[%clk 1:16:21]}  Be7 {[%clk 1:26:50]} 14. Rc1 {[%clk 1:00:11]}  O-O {[%clk 1:25:12]} 15. Bd3 {[%clk 0:58:57]}  Nxe3 {[%clk 1:22:24]} 16. fxe3 {[%clk 0:58:41]}  Nb4 {[%clk 1:22:40]} 17. Rxc8 {[%clk 0:57:12]}  Rxc8 {[%clk 1:22:56]} 18. Bb1 {[%clk 0:57:18]}  Bb5 {[%clk 1:21:50]} 19. Rg1 {[%clk 0:56:10]}  Bxa4 {[%clk 1:21:38]} 20. Qxa4 {[%clk 0:56:35]}  Qb6 {[%clk 1:21:48]} 21. a3 {[%clk 0:49:14]}  Nc6 {[%clk 1:20:15]} 22. Qc2 {[%clk 0:49:21]}  g6 {[%clk 1:20:22]} 23. Rf1 {[%clk 0:47:55]}  f6 {[%clk 1:04:32]} 24. exf6 {[%clk 0:27:06]}  Bxf6 {[%clk 1:04:56]} 25. Qe2 {[%clk 0:23:53]}  Rf8 {[%clk 1:03:05]} 26. g4 {[%clk 0:17:11]}  Qc7 {[%clk 0:56:24]} 27. Qg2 {[%clk 0:13:57]}  Qe7 {[%clk 0:40:05]} 28. Bc2 {[%clk 0:08:11]}  Qd6 {[%clk 0:33:33]} 29. h4 {[%clk 0:05:46]}  e5 {[%clk 0:30:34]} 30. dxe5 {[%clk 0:05:57]}  Nxe5 {[%clk 0:30:49]} 31. Nxe5 {[%clk 0:06:03]}  Bxe5 {[%clk 0:30:41]} 32. Rxf8+ {[%clk 0:05:44]}  Kxf8 {[%clk 0:30:56]} 1/2-1/2